Statistics for Guess the car

Click here to take the quiz!

General Stats

  • This quiz has been taken 12 times
  • The average score is 11 of 16

Answer Stats

Answer% Correct
Nissan
100%
Bugatti
100%
Lamborghini
89%
Porsche
89%
Mercedes
89%
McLaren
89%
BMW
89%
Mitsubishi
78%
Bentley
78%
Lotus
67%
Dodge
56%
Chevrolet
56%
Koenigsegg
33%
Ferrari
33%
Aston Martin
33%
SSC
22%

Score Distribution

Percentile by Number Answered

Percent of People with Each Score

Your Score History

You have not taken this quiz